000 00326 a2200109 4500
001 ART_6446
005 20260410161826.0
008 260409a
245 1 0 _aGestión integral del humedal de bahía Samborombón
100 1 _aBertoni, Marcela
773 0 _tFACES
_g- Año 8, Nº 14 (may./ago. 2002)
_wREV5046
999 _c22757
_d22757